Дело по отношению генерал-адъютанта графа Бенкендорфа о дозволении бывшему студенту Дерптского университета Мелартопеусу поступи...

Доступно только в Электронных читальных залах Найти на картеНа карте
RUSMARC
00003642nmc2a22002413x 450
001489e49d5-a8f3-400e-ac5d-78c77bb365a5
00520250621061542.0
100##$a20241205l18411841k l0rusy0189 ca
1010#$arus
102##$aRU
105##$ay###
1222#$ad
2001#$aДело по отношению генерал-адъютанта графа Бенкендорфа о дозволении бывшему студенту Дерптского университета Мелартопеусу поступить на службу по учебной части
$j14 марта - 4 мая 1841 г.
215##$a10 л.
$d36,5х26 см
251##$cДело
300##$aНа обложке указано: "№23"
371##$aДокумент не является опубликованным и широко распространяемым
461#0$10012b5b8419-5ce4-4d16-a7a3-85720a295f1f
$12001
$aКанцелярия министра народного просвещения
$1251
$cФонд
$1852
$j735
462#0$1001562cc287-b13c-4f02-8029-f81535ba1e2e
$12001
$aКанцелярия министра народного просвещения
$1251
$cОпись
$1852
$j2
801#0$aRU
$bРГИА
$c20241205
$gRCR
801#1$aRU
$bГлавНИВЦ
$c20241205
$2rusmarc
801#2$aRU
$bПБ им. Б.Н. Ельцина
$c20250621
$gRCR
$2rusmarc
850##$aРГИА
852##$aРГИА
$eФедеральное казенное учреждение "Российский государственный исторический архив" (РГИА)
$j230
937##$hРГИА
$d12420907
$aASBIBLIO_SCAN
035##$aRusGRCC00083016
856##$uhttp://readingroom.main.prlib.ru/item.aspx?id_node=n196831836&mode=full
Формат отображения